000 00747cam a22002653a 4500
001 27112
003 PGUSA
005 20140828083603.0
008 081101s2008||||xxu|||||s|||||000 | eng d
040 _aPGUSA
_beng
042 _adc
050 4 _aNC
100 1 _aWhite, Gleeson,
_d1851-1898
245 1 0 _aChildren's Books and Their Illustrators
_h[electronic resource] /
_cGleeson White
260 _bProject Gutenberg,
_c2008
506 _aPublic domain in the USA.
516 _aElectronic text
653 _aIllustrators
653 _aIllustrated books
653 _aIllustration of books
653 _aChildren's literature
830 0 _aProject Gutenberg
_v27112
856 4 0 _uhttp://www.gutenberg.org/ebooks/27112
942 _cEB
999 _c256367
_d256367